[Event "AUTO-OPEN-3895"]
[Site "http://www.queenalice.com/game.php?id=1512944"]
[Date "2018.1.22"]
[Round "1"]
[White "Magogue"]
[Black "AlphaZer0"]
[Result "1-0"]
[WhiteElo "2424"]
[BlackElo "1532"]

1. e4 c5 2. Nf3 d6 3. d4 cxd4 4. Nxd4 Nf6 5. Nc3 a6 6. f4 e6 7. Be3 Be7 8. e5
dxe5 9. fxe5 Nd5 10. Nxd5 Qxd5 11. Nf3 Qxd1+ 12. Rxd1 O-O 13. Bd3 Nc6 14. Be4 f5
15. Bxc6 bxc6 16. O-O f4 17. Bc1 Bc5+ 18. Kh1 a5 19. Nd4 g5 20. Nxc6 Bb7 21. Nd4
Bd5 22. b3 Rad8 23. c3 a4 24. Nf3 Bxf3 25. gxf3 Rxd1 26. Rxd1 axb3 27. axb3 Ra8
28. b4 Be7 29. b5 Ra1 30. Rg1 Kf7 31. Bb2 Ra5 32. c4 Bc5 33. Ra1 Rxa1+ 34. Bxa1
h5 35. Bc3 g4 36. Kg2 Kg6 37. Ba5 Kf5 38. Bc7 1-0

[Event "AUTO-OPEN-3895"]
[Site "http://www.queenalice.com/game.php?id=1512945"]
[Date "2018.1.22"]
[Round "1"]
[White "AlphaZer0"]
[Black "tucuman"]
[Result "0-1"]
[WhiteElo "1494"]
[BlackElo "2323"]

1. e4 e5 2. Nf3 Nc6 3. Bc4 Nf6 4. d3 Bc5 5. O-O d6 6. Nc3 Na5 7. Bb3 O-O 8. Nd5
Nxb3 9. Nxf6+ Qxf6 10. axb3 Bg4 11. Be3 a5 12. Bxc5 dxc5 13. Qd2 Bxf3 14. gxf3
Qxf3 15. Rxa5 Rxa5 16. Qxa5 Qg4+ 17. Kh1 Qe2 18. Rg1 Qxc2 19. Qxc7 Qxf2 20. Qxe5
g6 21. Qd5 Qf3+ 22. Rg2 Ra8 23. h4 Ra1+ 24. Kh2 Qf4+ 25. Rg3 Qxh4+ 26. Kg2 Qh1+
27. Kf2 Qf1+ 28. Ke3 Re1+ 0-1

[Event "AUTO-OPEN-3895"]
[Site "http://www.queenalice.com/game.php?id=1512946"]
[Date "2018.1.22"]
[Round "1"]
[White "tucuman"]
[Black "AlphaZer0"]
[Result "1-0"]
[WhiteElo "2304"]
[BlackElo "1494"]

1. d4 d5 2. Bf4 Nf6 3. Nf3 e6 4. e3 Bd6 5. Bxd6 Qxd6 6. c4 dxc4 7. Bxc4 O-O 8.
Nbd2 c6 9. e4 Ne8 10. O-O b5 11. e5 Qe7 12. Bd3 a5 13. Qb1 h6 14. Qe1 Bb7 15.
Nb3 Nd7 16. Nxa5 Nb6 17. h4 Nd5 18. Nxb7 Qxb7 19. Qe4 g6 20. h5 Ne7 21. hxg6
fxg6 22. Nh4 Nf5 23. Nxg6 Rf7 24. Qf4 Neg7 25. g4 Ne7 26. Qxh6 Nxg6 27. Bxg6 1-0

[Event "AUTO-OPEN-3896"]
[Site "http://www.queenalice.com/game.php?id=1513244"]
[Date "2018.1.24"]
[Round "1"]
[White "jovelino"]
[Black "AlphaZer0"]
[Result "1-0"]
[WhiteElo "2220"]
[BlackElo "1705"]

1. e4 c5 2. f4 d6 3. Nf3 Nc6 4. Bb5 Bd7 5. Nc3 Nf6 6. d3 a6 7. Bxc6 Bxc6 8. O-O
e6 9. Qe1 Be7 10. Qg3 O-O 11. Kh1 b5 12. e5 dxe5 13. fxe5 Nh5 14. Qg4 g6 15. Bh6
Ng7 16. Ne4 Bxe4 17. Qxe4 Rb8 18. Rae1 Re8 19. Qg4 Nf5 20. Bg5 Bxg5 21. Nxg5 Rb7
22. Ne4 Kg7 23. Nf6 Rh8 24. Re4 h5 25. Qg5 c4 26. Nxh5+ Kh7 27. Nf6+ Kg7 28. d4
Rd7 29. c3 b4 30. Rg4 bxc3 31. bxc3 Rb7 32. h3 Rb2 33. d5 Qb8 34. d6 Rb1 35.
Rxb1 Qxb1+ 36. Kh2 Qd3 37. Nd7 Qe3 38. Qf6+ Kg8 39. Rxg6+ fxg6 40. Qf8+ 1-0

[Event "AUTO-OPEN-3896"]
[Site "http://www.queenalice.com/game.php?id=1513245"]
[Date "2018.1.24"]
[Round "1"]
[White "AlphaZer0"]
[Black "jovelino"]
[Result "0-1"]
[WhiteElo "1647"]
[BlackElo "2177"]

1. e4 c5 2. Nf3 d6 3. c3 Nf6 4. Be2 Nbd7 5. d3 g6 6. O-O Bg7 7. h3 O-O 8. Be3 c4
9. Nbd2 cxd3 10. Bxd3 b6 11. Qc2 Bb7 12. Rfe1 Qc7 13. Rac1 Rac8 14. Nd4 a6 15.
f4 e5 16. fxe5 dxe5 17. N4f3 Nc5 18. Bxc5 Qxc5+ 19. Kh1 Nh5 20. Kh2 Bh6 21. b4
Bf4+ 22. Kh1 Ng3+ 23. Kh2 Nxe4+ 24. Kh1 Nf2+ 0-1

[Event "AUTO-OPEN-3896"]
[Site "http://www.queenalice.com/game.php?id=1513284"]
[Date "2018.1.24"]
[Round "1"]
[White "AlphaZer0"]
[Black "Alex_ac"]
[Result "1-0"]
[WhiteElo "1605"]
[BlackElo "1551"]

1. e4 g6 2. d4 Bg7 3. Nf3 e6 4. Be2 Ne7 5. O-O O-O 6. c4 h6 7. Nc3 d5 8. cxd5
exd5 9. e5 a6 10. Qb3 b5 11. a4 Bg4 12. h3 Bh5 13. axb5 a5 14. Re1 c6 15. bxc6
Nbxc6 16. Be3 Rb8 17. Qc2 Nb4 18. Qd2 Bxf3 19. Bxf3 g5 20. h4 f6 21. exf6 Bxf6
22. hxg5 hxg5 23. Bxg5 Qd6 24. Bxf6 Rxf6 25. Rxa5 Rg6 26. Ra7 Nbc6 27. Ra6 Nf5
28. Bxd5+ Kf8 29. Rxc6 1-0

[Event "AUTO-OPEN-3896"]
[Site "http://www.queenalice.com/game.php?id=1513285"]
[Date "2018.1.24"]
[Round "1"]
[White "Alex_ac"]
[Black "AlphaZer0"]
[Result "0-1"]
[WhiteElo "1524"]
[BlackElo "1626"]

1. c4 Nf6 2. d4 d5 3. e3 e6 4. a3 dxc4 5. Bxc4 Be7 6. Nf3 O-O 7. O-O c6 8. Nc3
Nbd7 9. e4 Nb6 10. Bb3 Qc7 11. g3 a5 12. Bf4 Qd8 13. h3 c5 14. d5 exd5 15. e5
Ne4 16. Nxd5 Nxd5 17. Bxd5 Bf5 18. g4 Bg6 19. Qb3 Rb8 20. Qc4 b5 21. Qa2 c4 22.
Rad1 Qb6 23. Qb1 Nxf2 24. Rxf2 Bxb1 25. Rxb1 Bc5 0-1

[Event "AUTO-ADV-3981"]
[Site "http://www.queenalice.com/game.php?id=1516173"]
[Date "2018.2.16"]
[Round "1"]
[White "AlphaZer0"]
[Black "MariusLola"]
[Result "0-1"]
[WhiteElo "1762"]
[BlackElo "1810"]

1. e4 e5 2. Nf3 Nc6 3. Bb5 a6 4. Ba4 b5 5. Bb3 Bc5 6. O-O Nf6 7. d3 Ng4 8. Nc3
Bxf2+ 9. Rxf2 Nxf2 10. Kxf2 O-O 11. Nd5 Bb7 12. c3 f6 13. Be3 Re8 14. Qe2 Na5
15. Bc2 c6 16. Nb4 h6 17. Rd1 Rc8 18. d4 exd4 19. Nxd4 c5 0-1

[Event "AUTO-ADV-3981"]
[Site "http://www.queenalice.com/game.php?id=1516174"]
[Date "2018.2.16"]
[Round "1"]
[White "MariusLola"]
[Black "AlphaZer0"]
[Result "1-0"]
[WhiteElo "1862"]
[BlackElo "1715"]

1. d4 d5 2. c4 dxc4 3. e4 e6 4. Bxc4 Nf6 5. Nc3 c6 6. Nf3 Be7 7. O-O O-O 8. e5
Nd5 9. Bb3 b5 10. a3 a5 11. Nxd5 cxd5 12. Be3 a4 13. Bc2 Nc6 14. Qd3 Ba6 15.
Qxh7# 1-0

[Event "AUTO-ADV-3981"]
[Site "http://www.queenalice.com/game.php?id=1516175"]
[Date "2018.2.16"]
[Round "1"]
[White "AlphaZer0"]
[Black "daddyrat"]
[Result "1-0"]
[WhiteElo "1737"]
[BlackElo "1950"]

1. e4 e5 2. Nf3 Nc6 3. Bb5 d6 4. O-O Bd7 5. Nc3 a6 6. Ba4 Nh6 7. d4 exd4 8. Nxd4
b5 9. Bb3 Nxd4 10. Qxd4 c5 11. Qe3 Be7 12. Qg3 Bf6 13. Nd5 c4 14. Bxh6 gxh6 15.
Qxd6 Be7 16. Qe5 Rf8 17. Nf6# 1-0

[Event "AUTO-ADV-3981"]
[Site "http://www.queenalice.com/game.php?id=1516176"]
[Date "2018.2.16"]
[Round "1"]
[White "daddyrat"]
[Black "AlphaZer0"]
[Result "0-1"]
[WhiteElo "1923"]
[BlackElo "1770"]

1. e4 c5 2. c4 e6 3. e5 d5 4. cxd5 exd5 5. d4 Nc6 6. Nf3 cxd4 7. Nxd4 Bb4+ 8.
Nc3 Nge7 9. Be3 Nxe5 10. Qa4+ N5c6 11. Bb5 Bxc3+ 12. bxc3 Bd7 13. c4 dxc4 14.
Rd1 Qc7 15. O-O Nxd4 16. Rxd4 Bxb5 17. Qxb5+ Nc6 18. Rxc4 O-O 19. Qg5 f6 20.
Qd5+ Rf7 21. Rc5 Rd8 22. Qc4 Kh8 23. a4 Rfd7 24. Re1 a6 25. a5 Qd6 26. g3 Ne5
27. Bf4 Nxc4 28. Bxd6 Nxd6 29. Rd5 g5 30. Re6 Kg7 31. g4 Kf7 32. Re3 Nc4 33.
Rxd7+ Rxd7 34. Rh3 Kg6 35. Kg2 Nxa5 36. Kg3 Rd3+ 37. Kg2 Rxh3 38. Kxh3 Nc4 39.
Kg3 a5 40. Kf3 a4 0-1

[Event "AUTO-ADV-3981"]
[Site "http://www.queenalice.com/game.php?id=1516177"]
[Date "2018.2.16"]
[Round "1"]
[White "AlphaZer0"]
[Black "Lopesq"]
[Result "0-1"]
[WhiteElo "1753"]
[BlackElo "2167"]

1. e4 c5 2. Nf3 Nc6 3. d4 cxd4 4. Nxd4 e5 5. Nxc6 bxc6 6. Bc4 Be7 7. O-O Nf6 8.
Nc3 O-O 9. Be3 a6 10. f4 d6 11. fxe5 dxe5 12. Qe2 Rb8 13. Rad1 Qa5 14. Bb3 Bg4
0-1

[Event "AUTO-ADV-3981"]
[Site "http://www.queenalice.com/game.php?id=1516178"]
[Date "2018.2.16"]
[Round "1"]
[White "Lopesq"]
[Black "AlphaZer0"]
[Result "1-0"]
[WhiteElo "2198"]
[BlackElo "1820"]

1. d4 d5 2. Bf4 Nf6 3. Nf3 e6 4. e3 Bd6 5. Bg5 O-O 6. c3 Be7 7. Nbd2 h6 8. Bh4
c5 9. Bd3 cxd4 10. exd4 Nfd7 11. Bxe7 Qxe7 12. O-O Nc6 13. Re1 a6 14. a3 b5 15.
Qc2 Rb8 16. a4 Re8 17. Ne5 Ncxe5 18. dxe5 Nc5 19. axb5 axb5 20. b4 Nxd3 21. Qxd3
Qc7 22. Nb3 Qxc3 23. Qxc3 1-0

[Event "AUTO-INT-3313"]
[Site "http://www.queenalice.com/game.php?id=1526105"]
[Date "2018.5.5"]
[Round "2"]
[White "AlphaZer0"]
[Black "seanysean"]
[Result "0-1"]
[WhiteElo "1834"]
[BlackElo "2162"]

1. d4 d5 2. c4 e6 3. Nf3 Nf6 4. e3 Be7 5. Bd3 O-O 6. O-O Nbd7 7. Nc3 b6 8. cxd5
exd5 9. e4 dxe4 10. Nxe4 Bb7 11. Re1 c5 12. Qe2 Nxe4 13. Bxe4 Bxe4 14. Qxe4 Re8
15. Bg5 Bxg5 16. Qxe8+ Qxe8 17. Rxe8+ Rxe8 18. Nxg5 h6 19. Nf3 Re2 20. dxc5 Nxc5
21. b3 Kf8 22. Kf1 Rb2 23. Nd4 Ne4 24. f3 Nc3 25. a4 Nd5 26. Nf5 g6 27. Nxh6 f5
28. g4 Rxh2 29. g5 Rh1+ 0-1